LIBRARY & INFORMATION CENTRE, KCAET, TAVANUR

ONLINE PUBLIC ACCESS CATALOGUE (OPAC)

Development of a power tiller operated paddy transplanter for conventional seedlings (Record no. 15039)

MARC details
000 -LEADER
fixed length control field 00634nam a22001697a 4500
003 - CONTROL NUMBER IDENTIFIER
control field OSt
088 ## - REPORT NUMBER
Report number T 42
100 ## - MAIN ENTRY--AUTHOR NAME
Personal name PRAKASH K. V
245 ## - TITLE STATEMENT
Title Development of a power tiller operated paddy transplanter for conventional seedlings
260 ## - PUBLICATION, DISTRIBUTION, ETC. (IMPRINT)
Place of publication Tavanur 1995
Name of publisher Kelappaji College of Agricultural Engineering and Technology
300 ## - PHYSICAL DESCRIPTION
Number of Pages 91
500 ## - GENERAL NOTE
General note Development of a power tiller operated paddy transplanter for conventional seedlings
520 ## - SUMMARY, ETC.
Summary, etc Development of a power tiller operated paddy transplanter for conventional seedlings
700 ## - ADDED ENTRY--PERSONAL NAME
Personal name Dr. M Sivaswami (Gudie)
942 ## - ADDED ENTRY ELEMENTS (KOHA)
Koha item type Theses
Holdings
Collection code Home library Current library Shelving location Full call number Accession Number Koha item type Public note
Reference KAUAET KAUAET Reference 631.3 PRA/DE T 42 Theses M.Tech Thesis
free website counter